header

Cooking in other women's kitchens (Record no. 238669)

MARC details
000 -LEADER
fixed length control field 01610nam a2200349Ia 4500
082 04 - DEWEY DECIMAL CLASSIFICATION NUMBER
Classification number 331.4/816415
100 1# - MAIN ENTRY--AUTHOR NAME
Personal name Sharpless, Rebecca.
245 10 - TITLE STATEMENT
Title Cooking in other women's kitchens
260 ## - PUBLICATION, DISTRIBUTION, ETC. (IMPRINT)
Place of publication Chapel Hill :
Name of publisher University of North Carolina Press,
Year of publication c2010.
300 ## - PHYSICAL DESCRIPTION
Number of Pages axxix, 273 p. :
Other physical details ill.
490 1# - SERIES STATEMENT
Series statement The John Hope Franklin series in African American history and culture
650 #0 - SUBJECT ADDED ENTRY--TOPICAL TERM
Topical Term African American women household employees
Topical Term Women cooks
Topical Term African American women
856 40 - ELECTRONIC LOCATION AND ACCESS
Uniform Resource Identifier http://site.ebrary.com/lib/rucke/Doc?id=10425418

No items available.

© 2026 Rongo University
Contact us: librarian | system librarian | Rongo university